000 00394nam a22001457a 4500
003 NUST
005 20230207102027.0
038 _aMuhammad Ibrahim
082 _a355.033095491
_bSAL
100 _aSalik, Muhammad Samrez
_928645
245 _aFighting Shadows:
_bPost-war on Terror: Pakistan /
_cMuhammad Samrez Salik
260 _aIslamabad :
_bNDU,
_c2019.
300 _a226 p.
942 _2ddc
_cBK
999 _c593144
_d593144